[Event "LEM M-V 2022"]
[Site "Neubrandenburg, Germany"]
[Date "2022.04.10"]
[Round "4.7"]
[White "Tovmasyan, Minas"]
[Black "Knoop, Sascha"]
[Result "1-0"]
[WhiteElo "1846"]
[BlackElo "1830"]
[PlyCount "79"]
[EventDate "2022.04.09"]

1. d4 Nf6 2. c4 g6 3. Nc3 d5 4. Nf3 Bg7 5. cxd5 Nxd5 6. Bd2 c5 7. e4 Nxc3 8.
Bxc3 O-O 9. d5 Bxc3+ 10. bxc3 Qa5 11. Qd2 b5 12. Be2 Rd8 13. O-O Bb7 14. Rfb1
Ba6 15. Qg5 f6 16. Qe3 Nd7 17. e5 Qc7 18. exf6 Qd6 19. f7+ Kxf7 20. a4 Bb7 21.
Ng5+ Kg8 22. c4 b4 23. Ne6 Re8 24. Qh6 Qe5 25. Re1 Rac8 26. Bg4 Qf6 27. Ng5 Nf8
28. Be6+ Kh8 29. Nf7+ Kg8 30. Ng5+ Kh8 31. Ra2 Ba6 32. Nf7+ Kg8 33. Ng5+ Kh8
34. Bxc8 Bxc8 35. Rae2 Bf5 36. Re3 Kg8 37. h3 Qd6 38. g4 Bd7 39. Rf3 a5 40.
Rxf8+ 1-0

[Event "LEM M-V 2022"]
[Site "Neubrandenburg, Germany"]
[Date "2022.04.10"]
[Round "4.8"]
[White "Onasch, Gunnar"]
[Black "Wolter, Günter"]
[Result "1/2-1/2"]
[WhiteElo "1822"]
[BlackElo "1819"]
[PlyCount "42"]
[EventDate "2022.04.09"]

1. d4 Nf6 2. c4 g6 3. Nc3 Bg7 4. e4 d6 5. f3 O-O 6. Be3 e5 7. d5 a6 8. Nge2
Nbd7 9. b4 b6 10. Nc1 Nh5 11. Nd3 f5 12. Qd2 fxe4 13. Nxe4 Ndf6 14. Ndf2 Bf5
15. Bd3 Nf4 16. O-O Nxd3 17. Qxd3 Nh5 18. Qd2 Qd7 19. Rac1 Bxe4 20. Nxe4 Nf6
21. Ng5 Bh6 1/2-1/2

[Event "LEM M-V 2022 Open"]
[Site "Neubrandenburg, Germany"]
[Date "2022.04.10"]
[Round "4.1"]
[White "Schulz, Gerhard"]
[Black "Kunow, Frank"]
[Result "1-0"]
[WhiteElo "1844"]
[BlackElo "1907"]
[PlyCount "75"]
[EventDate "2022.04.09"]

1. d4 Nf6 2. Nf3 g6 3. Nc3 d5 4. Bf4 c6 5. Qd2 h6 6. h3 b5 7. Ne5 Bg7 8. e3
Nfd7 9. Nf3 a5 10. Bd3 a4 11. O-O Nf6 12. Ne5 O-O 13. Ne2 Kh7 14. c3 Nfd7 15.
Nf3 f5 16. Qc2 Nf6 17. Ne5 Ne4 18. f3 Nd6 19. b3 Qa5 20. Bg3 axb3 21. axb3 Qxa1
22. Rxa1 Rxa1+ 23. Kh2 Be6 24. Nf4 Bf7 25. Nxf7 Rxf7 26. Ne6 Bf6 27. h4 Bh8 28.
h5 gxh5 29. Bxd6 exd6 30. Bxf5+ Kg8 31. Nd8 Rf6 32. Be6+ Kg7 33. Qf2 Ra7 34.
Qg3+ Rg6 35. Qxd6 h4 36. Qxb8 Ra2 37. Qc7+ Kf6 38. Qf7+ 1-0

[Event "LEM M-V 2022 Open"]
[Site "Neubrandenburg, Germany"]
[Date "2022.04.10"]
[Round "4.2"]
[White "Herrmann, Jakob"]
[Black "Ederle, Artöm"]
[Result "1-0"]
[WhiteElo "1612"]
[BlackElo "1547"]
[PlyCount "53"]
[EventDate "2022.04.09"]

1. e4 c5 2. Nc3 Nc6 3. Nge2 e6 4. d4 cxd4 5. Nxd4 Qc7 6. g3 Nf6 7. Bg2 a6 8.
O-O Be7 9. Be3 O-O 10. g4 d6 11. g5 Nd7 12. f4 Nxd4 13. Bxd4 Nb6 14. Kh1 Nc4
15. b3 Na3 16. Rc1 e5 17. Nd5 Qd8 18. Bb6 Qd7 19. c4 Bd8 20. Rc3 Qg4 21. Qc1
exf4 22. Qxa3 Bxg5 23. Qxd6 f5 24. Nxf4 fxe4 25. Qd5+ Rf7 26. Rg3 Qf5 27. Rxg5
1-0

[Event "LEM M-V 2022 Open"]
[Site "Neubrandenburg, Germany"]
[Date "2022.04.10"]
[Round "4.3"]
[White "Kunze, Kerstin"]
[Black "Moritz, Egon"]
[Result "1-0"]
[WhiteElo "2056"]
[BlackElo "1650"]
[PlyCount "67"]
[EventDate "2022.04.09"]

1. e4 g6 2. d4 Bg7 3. Nf3 d6 4. h3 Bd7 5. Bc4 e6 6. Bb3 Qc8 7. Be3 Nc6 8. c3
Nf6 9. Bc2 Ne7 10. c4 c5 11. e5 dxe5 12. dxe5 Nfg8 13. Nc3 Nf5 14. Bxf5 exf5
15. O-O Ne7 16. Qd6 Qc6 17. Nb5 O-O 18. Qxe7 b6 19. Rad1 Be6 20. b3 a6 21. Nc3
Rfe8 22. Qd6 Qb7 23. Qd2 Qc7 24. Bf4 Rad8 25. Qc1 Rc8 26. Rfe1 Qb7 27. Nd5 Kh8
28. Bh6 Red8 29. Bxg7+ Kxg7 30. Nf4 Bd7 31. Qc3 Kg8 32. Rd6 Re8 33. Nd5 Bc6 34.
Nf6+ 1-0

[Event "LEM M-V 2022 Open"]
[Site "Neubrandenburg, Germany"]
[Date "2022.04.10"]
[Round "4.4"]
[White "Hopp, Peter"]
[Black "Wesener, Lorenz"]
[Result "1-0"]
[WhiteElo "1841"]
[BlackElo "1774"]
[PlyCount "67"]
[EventDate "2022.04.09"]

1. e4 c5 2. Nf3 a6 3. d4 cxd4 4. Nxd4 Nf6 5. Nc3 e5 6. Nb3 Bb4 7. Bc4 Bxc3+ 8.
bxc3 O-O 9. Bg5 h6 10. Bh4 g5 11. Bg3 d6 12. Qe2 Qc7 13. O-O-O b5 14. Bd5 Nxd5
15. exd5 Bf5 16. h4 Bg6 17. hxg5 hxg5 18. Rh6 Qxc3 19. Rxg6+ fxg6 20. Qg4 Qc8
21. Qxg5 Qf5 22. Qe7 Qf6 23. Qb7 Nd7 24. Qxd7 a5 25. Rh1 Rf7 26. Qxb5 a4 27.
Nd2 Rc7 28. Ne4 Qf5 29. f3 Rac8 30. Qxa4 Rxc2+ 31. Kb1 R2c7 32. Ka1 Kg7 33. Qb4
Ra7 34. Qxd6 1-0

[Event "LEM M-V 2022 Open"]
[Site "Neubrandenburg, Germany"]
[Date "2022.04.10"]
[Round "4.5"]
[White "Röste, Hugo"]
[Black "Marzisch, Jens"]
[Result "1-0"]
[WhiteElo "1597"]
[BlackElo "1563"]
[PlyCount "47"]
[EventDate "2022.04.09"]

1. d4 d5 2. c4 e6 3. Nc3 Nf6 4. Bg5 Be7 5. Nf3 O-O 6. e3 Nbd7 7. Bd3 c5 8. O-O
a6 9. a4 cxd4 10. Nxd4 dxc4 11. Bxc4 Nb6 12. Bb3 Nfd7 13. Bxe7 Qxe7 14. Ne4 Nf6
15. Nxf6+ Qxf6 16. Bc2 Rd8 17. Qe2 Nd5 18. Be4 Rb8 19. Rfd1 Qe7 20. Qc4 Rd7 21.
Qb3 Nf6 22. Nc6 Rxd1+ 23. Rxd1 Bd7 24. Nxe7+ 1-0

[Event "LEM M-V 2022 Open"]
[Site "Neubrandenburg, Germany"]
[Date "2022.04.10"]
[Round "4.6"]
[White "Subocz, Gabriel"]
[Black "Marzisch, Darius"]
[Result "1/2-1/2"]
[WhiteElo "1102"]
[BlackElo "1615"]
[PlyCount "91"]
[EventDate "2022.04.09"]

1. e4 e6 2. d4 b6 3. Nc3 Bb7 4. Bd3 d5 5. e5 c5 6. Nf3 Nc6 7. Be3 cxd4 8. Bxd4
Bb4 9. O-O Nxd4 10. Nxd4 Bxc3 11. bxc3 Qc7 12. Bb5+ Kf8 13. f4 g6 14. Qg4 Qxc3
15. Nxe6+ fxe6 16. Qxe6 Qc5+ 17. Kh1 Qe7 18. f5 g5 19. Rf2 h5 20. Qxe7+ Kxe7
21. f6+ Kf7 22. Bd7 Nxf6 23. Rxf6+ Ke7 24. Bc6 Bxc6 25. Rxc6 Rac8 26. Rg6 Rhg8
27. Rh6 Rh8 28. Rg6 Rhg8 29. Rh6 Rxc2 30. Rxh5 Ke6 31. Rh6+ Kxe5 32. Re1+ Kd4
33. Rd1+ Kc3 34. Rc6+ Kb2 35. Rxc2+ Kxc2 36. Rxd5 Kb2 37. a4 Kb3 38. a5 Kc4 39.
Rd7 bxa5 40. Rxa7 Kb4 41. Rb7+ Ka3 42. g3 a4 43. Kg2 Ka2 44. Kf3 a3 45. h4 gxh4
46. gxh4 1/2-1/2

[Event "LEM M-V 2022 Open"]
[Site "Neubrandenburg, Germany"]
[Date "2022.04.10"]
[Round "4.7"]
[White "Winkler, Karl"]
[Black "Bartel, Jethro Aldrich"]
[Result "1-0"]
[WhiteElo "1922"]
[BlackElo "1592"]
[PlyCount "71"]
[EventDate "2022.04.09"]

1. e4 c5 2. d4 cxd4 3. Qxd4 Nc6 4. Qe3 Nf6 5. Nf3 d5 6. exd5 Nxd5 7. Qd2 e5 8.
Bc4 Be6 9. Ng5 Bc5 10. Nxe6 fxe6 11. O-O O-O 12. Nc3 Nd4 13. Ne4 Bb6 14. c3 Qh4
15. Ng5 Nf3+ 16. Nxf3 Qxc4 17. Nxe5 Qc7 18. Qe2 Rf5 19. Nc4 e5 20. Nxb6 Qxb6
21. Be3 Nf4 22. Qc4+ Qe6 23. Qxe6+ Nxe6 24. Rad1 Nf4 25. Rd7 b6 26. Rfd1 Ne6
27. Re7 Nf8 28. Rd5 Ng6 29. Red7 Rff8 30. Kf1 e4 31. Rb7 Rfd8 32. Rxd8+ Rxd8
33. Bd4 Nf4 34. Rxg7+ Kf8 35. Rxh7 Kg8 36. Rh8+ 1-0

[Event "LEM M-V 2022 Open"]
[Site "Neubrandenburg, Germany"]
[Date "2022.04.10"]
[Round "4.8"]
[White "Birkholz, Karl Lukas"]
[Black "Raitza, Egon"]
[Result "1/2-1/2"]
[WhiteElo "1616"]
[BlackElo "1631"]
[PlyCount "42"]
[EventDate "2022.04.09"]

1. e4 e6 2. d4 d5 3. exd5 exd5 4. Bd3 Bd6 5. Ne2 Nf6 6. O-O Bg4 7. Re1 O-O 8.
f3 Bd7 9. Bf4 Bxf4 10. Nxf4 Re8 11. Nd2 Nc6 12. c3 Rxe1+ 13. Qxe1 Qe7 14. Qxe7
Nxe7 15. Re1 Re8 16. Kf2 c6 17. Nf1 g5 18. Ne2 Bf5 19. Bxf5 Nxf5 20. Neg3 Rxe1
21. Kxe1 Nd6 1/2-1/2

[Event "LEM M-V 2022 Open"]
[Site "Neubrandenburg, Germany"]
[Date "2022.04.10"]
[Round "4.9"]
[White "Betke, Arno"]
[Black "Ehrich, Dieter"]
[Result "1-0"]
[WhiteElo "1753"]
[BlackElo "1583"]
[PlyCount "85"]
[EventDate "2022.04.09"]

1. d4 d5 2. e3 Nf6 3. Nd2 c5 4. Ngf3 e6 5. Be2 Nc6 6. O-O Bd6 7. c4 O-O 8. b3
cxd4 9. exd4 b6 10. Bb2 Ba6 11. Rc1 dxc4 12. Bxc4 Bxc4 13. Nxc4 Be7 14. a3 Rc8
15. Nce5 Nxe5 16. dxe5 Qxd1 17. Rfxd1 Nd5 18. g3 g5 19. Nd4 Bc5 20. Ne2 Be7 21.
b4 f5 22. exf6 Bxf6 23. Bxf6 Nxf6 24. Rxc8 Rxc8 25. Rd6 Kf7 26. Nd4 Rc1+ 27.
Kg2 Rd1 28. Nb5 Rxd6 29. Nxd6+ Ke7 30. Nc8+ Kd7 31. Nxa7 Kc7 32. Nb5+ Kc6 33.
Nc3 Nd5 34. Nxd5 Kxd5 35. a4 Kc4 36. a5 bxa5 37. bxa5 Kb5 38. Kf3 Kxa5 39. Ke4
Kb4 40. f4 h6 41. Ke5 Kc4 42. Kxe6 gxf4 43. gxf4 1-0

[Event "LEM M-V 2022 Open"]
[Site "Neubrandenburg, Germany"]
[Date "2022.04.10"]
[Round "4.13"]
[White "Radloff, Arno"]
[Black "Wesner, Andy"]
[Result "0-1"]
[WhiteElo "1595"]
[BlackElo "1419"]
[PlyCount "82"]
[EventDate "2022.04.09"]

1. d4 d5 2. c4 e5 3. e3 exd4 4. Qxd4 Nf6 5. Nc3 Nc6 6. Qd1 d4 7. exd4 Nxd4 8.
Nf3 Qe7+ 9. Be3 Nxf3+ 10. Qxf3 Qb4 11. Rb1 Bg4 12. Qf4 Bd6 13. Qd4 O-O 14. f3
Be6 15. Kf2 Rfd8 16. c5 Bg3+ 17. hxg3 Rxd4 18. a3 Rd2+ 19. Bxd2 Qxc5+ 20. Be3
Qf5 21. Rd1 Ng4+ 22. Ke2 Nxe3 23. Kxe3 Re8 24. Bd3 Qc5+ 25. Kd2 h6 26. Rde1 c6
27. Re3 a5 28. Rhe1 Kf8 29. f4 Bd7 30. Ne4 Qb6 31. R3e2 Qxb2+ 32. Ke3 Qxa3 33.
Rd2 Qc5+ 34. Kf3 Qb6 35. Rde2 c5 36. Bc4 Bc6 37. Rd1 f5 38. Bd5 Bxd5 39. Rxd5
Qb3+ 40. Nc3 Qxc3+ 41. Kf2 Rxe2+ 0-1

[Event "LEM M-V 2022"]
[Site "Neubrandenburg, Germany"]
[Date "2022.04.11"]
[Round "5.1"]
[White "Westphal, Wolfgang"]
[Black "Fromm, Marius"]
[Result "1/2-1/2"]
[WhiteElo "2145"]
[BlackElo "2341"]
[PlyCount "65"]
[EventDate "2022.04.09"]

1. Nf3 c5 2. b3 Nc6 3. Bb2 Nf6 4. d4 cxd4 5. Nxd4 g6 6. Nxc6 bxc6 7. c4 Bg7 8.
g3 a5 9. Nc3 a4 10. Rb1 axb3 11. axb3 h5 12. h4 Qb6 13. Bg2 d6 14. O-O Bf5 15.
Na4 Qc7 16. e4 Bg4 17. Qd3 O-O 18. Rfe1 Rfd8 19. Bd4 Rab8 20. Qe3 c5 21. Ba1
Bd7 22. Nc3 Ng4 23. Qd2 e6 24. Bf3 Ne5 25. Be2 Qa5 26. Qe3 Rb4 27. Nb5 Bxb5 28.
cxb5 Qa2 29. f4 Ng4 30. Bxg4 hxg4 31. Bxg7 Kxg7 32. f5 Qc2 33. Qg5 1/2-1/2

[Event "LEM M-V 2022"]
[Site "Neubrandenburg, Germany"]
[Date "2022.04.11"]
[Round "5.2"]
[White "Patzenhauer, Max"]
[Black "Schulz, Karsten"]
[Result "0-1"]
[WhiteElo "1938"]
[BlackElo "2301"]
[PlyCount "116"]
[EventDate "2022.04.09"]

1. d4 g6 2. Nf3 Bg7 3. c4 d6 4. Nc3 e5 5. dxe5 dxe5 6. Qxd8+ Kxd8 7. e4 f6 8.
Be3 Be6 9. Be2 Nd7 10. Nd2 Bh6 11. Nf1 c6 12. Rd1 Ke7 13. f3 Bxe3 14. Nxe3 Nh6
15. O-O Rhd8 16. Rd2 Nc5 17. Rfd1 a5 18. Rxd8 Rxd8 19. Rxd8 Kxd8 20. Bd1 Kc7
21. a3 Nf7 22. b4 axb4 23. axb4 Nd3 24. b5 Kb6 25. Kf1 Nd6 26. Na4+ Ka5 27. Ke2
Nf4+ 28. Kd2 Nxc4+ 29. Nxc4+ Bxc4 30. bxc6 bxc6 31. g3 Ne6 32. Kc3 Bb5 33. Nb2
Kb6 34. Bb3 Nd4 35. Bd1 Kc5 36. f4 exf4 37. gxf4 Ne6 38. f5 Ng5 39. Bc2 gxf5
40. exf5 Nf3 41. h3 Bf1 42. Bd1 Nh4 43. Bg4 Kd5 44. Nd1 Ke4 45. Kb4 Kd4 46. Ka5
c5 47. Kb6 c4 48. Kc6 Bd3 49. Kd6 Nxf5+ 50. Ke6 Ne3 51. Kxf6 Nxd1 52. Bxd1 c3
53. Kg5 c2 54. Bxc2 Bxc2 55. Kf4 Kd5 56. Kg5 Ke6 57. h4 Kf7 58. Kh6 Bb1 0-1

[Event "LEM M-V 2022"]
[Site "Neubrandenburg, Germany"]
[Date "2022.04.11"]
[Round "5.3"]
[White "Luther, Alexander"]
[Black "Schreiber, Kevin"]
[Result "0-1"]
[WhiteElo "2077"]
[BlackElo "2017"]
[PlyCount "116"]
[EventDate "2022.04.09"]

1. d4 Nf6 2. c4 e6 3. Nc3 Bb4 4. f3 O-O 5. a3 Bxc3+ 6. bxc3 Nh5 7. Nh3 f5 8.
Bg5 Qe8 9. e3 d6 10. Bd3 Nc6 11. O-O h6 12. Bh4 g5 13. Be1 e5 14. Qc2 Ng7 15.
Bd2 Na5 16. c5 dxc5 17. c4 b6 18. dxe5 Qxe5 19. f4 Qe7 20. fxg5 hxg5 21. g4 Bb7
22. gxf5 Rad8 23. e4 Qd6 24. Nf2 Bxe4 25. Nxe4 Qxd3 26. Qxd3 Rxd3 27. Bxa5 Rd4
28. Nxg5 Rg4+ 29. Kh1 Rxg5 30. f6 Nf5 31. Bc3 Kf7 32. Rg1 Rfg8 33. Rxg5 Rxg5
34. Rd1 Nd4 35. Bxd4 cxd4 36. Rxd4 Kxf6 37. Rd7 Rc5 38. Rd4 Ra5 39. Rd7 c5 40.
Rd3 Ra4 41. Rc3 Ke5 42. Kg2 Kd4 43. Rf3 Rxc4 44. h4 Ke5 45. Kg3 b5 46. h5 Rc1
47. Kg2 Rc2+ 48. Kg3 Rd2 49. Rf7 Rd3+ 50. Kg4 Rd4+ 51. Kg5 c4 52. Rf5+ Ke6 53.
h6 Rd1 54. Rxb5 c3 55. h7 c2 56. Rc5 Rd5+ 57. Rxd5 c1=Q+ 58. Kg4 Qg1+ 0-1

[Event "LEM M-V 2022"]
[Site "Neubrandenburg, Germany"]
[Date "2022.04.11"]
[Round "5.4"]
[White "Röhl, Rainer"]
[Black "Gebert-Vangeel, Ralf"]
[Result "1-0"]
[WhiteElo "1970"]
[BlackElo "2061"]
[PlyCount "51"]
[EventDate "2022.04.09"]

1. d4 d5 2. Nf3 Nf6 3. e3 c5 4. c3 e6 5. Bd3 Nbd7 6. Nbd2 b6 7. e4 Bb7 8. e5
Ne4 9. Qe2 cxd4 10. cxd4 Bb4 11. O-O Nxd2 12. Nxd2 O-O 13. f4 f5 14. Nf3 Be7
15. Bd2 Rf7 16. Rfc1 h6 17. Ba6 Bxa6 18. Qxa6 g5 19. Rc2 g4 20. Ne1 Bf8 21.
Rac1 Nb8 22. Qc8 Qd7 23. Rc7 Qxc8 24. Rxc8 Rb7 25. Bb4 Rf7 26. Bd6 1-0

[Event "LEM M-V 2022"]
[Site "Neubrandenburg, Germany"]
[Date "2022.04.11"]
[Round "5.5"]
[White "Helms, Sven"]
[Black "Kriese, Ralf"]
[Result "1/2-1/2"]
[WhiteElo "1933"]
[BlackElo "1700"]
[PlyCount "70"]
[EventDate "2022.04.09"]

1. e4 e6 2. d4 d5 3. Nc3 Bb4 4. a3 Bxc3+ 5. bxc3 dxe4 6. Qg4 Nf6 7. Qxg7 Rg8 8.
Qh6 Qe7 9. Bg5 Rg6 10. Qh4 b6 11. Ne2 Bb7 12. Nf4 Rxg5 13. Qxg5 Nbd7 14. Bb5
O-O-O 15. Bxd7+ Rxd7 16. Nh5 Nxh5 17. Qxh5 f5 18. Qh6 Ba6 19. Qe3 Rd5 20. f3
exf3 21. Qxf3 Ra5 22. Kf2 Bb7 23. Qg3 Bd5 24. Rhe1 Rxa3 25. Rxa3 Qxa3 26. Qd3
Qd6 27. Re5 a5 28. c4 Be4 29. Qd2 Qe7 30. Kg1 Qa3 31. Rxe6 Qa4 32. c5 bxc5 33.
dxc5 Qc4 34. Re8+ Kb7 35. Qf2 a4 1/2-1/2

[Event "LEM M-V 2022"]
[Site "Neubrandenburg, Germany"]
[Date "2022.04.11"]
[Round "5.6"]
[White "Grossmann, Piet"]
[Black "Tovmasyan, Minas"]
[Result "1-0"]
[WhiteElo "1971"]
[BlackElo "1846"]
[PlyCount "73"]
[EventDate "2022.04.09"]

1. e4 c5 2. Nf3 e6 3. d4 cxd4 4. Nxd4 a6 5. Nc3 b5 6. g3 Bb7 7. Bg2 Nf6 8. a3
d6 9. O-O Qc7 10. Be3 Nbd7 11. Nb3 Be7 12. f4 Rc8 13. Kh1 h5 14. h3 Nb6 15.
Bxb6 Qxb6 16. Qe2 Ng4 17. Rae1 Bf6 18. Nd1 a5 19. e5 dxe5 20. f5 a4 21. Nc1
exf5 22. Rxf5 Bxg2+ 23. Qxg2 g6 24. Rff1 Bg7 25. Nd3 f6 26. Nf4 g5 27. Nd5 Qd6
28. hxg4 h4 29. N1e3 hxg3+ 30. Kg1 Kf7 31. Rd1 Rh2 32. Qxg3 Rch8 33. Qxh2 Rxh2
34. Kxh2 e4+ 35. Kg2 Qe5 36. Nc3 Bf8 37. Rf5 1-0

[Event "LEM M-V 2022"]
[Site "Neubrandenburg, Germany"]
[Date "2022.04.11"]
[Round "5.7"]
[White "Wolter, Günter"]
[Black "Schreiber, Felix"]
[Result "0-1"]
[WhiteElo "1819"]
[BlackElo "1984"]
[PlyCount "68"]
[EventDate "2022.04.09"]

1. e4 c5 2. Nc3 d6 3. g3 g6 4. Bg2 Bg7 5. d3 Nc6 6. f4 e6 7. Nf3 Nge7 8. O-O
O-O 9. Be3 Rb8 10. Rb1 b5 11. Ne2 Qa5 12. a3 b4 13. axb4 Qxb4 14. c3 Qb6 15.
Qd2 d5 16. e5 a5 17. d4 c4 18. Qc2 Bd7 19. g4 Qb3 20. Qxb3 cxb3 21. Ra1 Ra8 22.
Ra3 a4 23. Rfa1 Na5 24. Nd2 Rab8 25. Nc1 Rfc8 26. Nd3 Nb7 27. Bf1 Bf8 28. Rc1
Ra8 29. Nb4 Nc6 30. Ba6 Bxb4 31. Bxb7 Bxa3 32. Bxc8 Bxb2 33. Rb1 Rxc8 34. Rxb2
Na5 0-1

[Event "LEM M-V 2022"]
[Site "Neubrandenburg, Germany"]
[Date "2022.04.11"]
[Round "5.8"]
[White "Knoop, Sascha"]
[Black "Onasch, Gunnar"]
[Result "0-1"]
[WhiteElo "1830"]
[BlackElo "1822"]
[PlyCount "130"]
[EventDate "2022.04.09"]

1. d4 Nf6 2. c4 e6 3. g3 c5 4. d5 exd5 5. cxd5 d6 6. Nc3 g6 7. Bg2 Bg7 8. Nf3
O-O 9. O-O Re8 10. Nd2 Nbd7 11. a4 a6 12. e4 Rb8 13. Nc4 Ne5 14. Nxe5 Rxe5 15.
f4 Re8 16. Qb3 Qe7 17. a5 Nd7 18. Bd2 b5 19. axb6 Nxb6 20. Rae1 c4 21. Qc2 Qc7
22. Ne2 Nd7 23. Bc3 Bxc3 24. Qxc3 Qb6+ 25. Kh1 Qxb2 26. Qxc4 Nc5 27. e5 Rb4 28.
Qc3 Bf5 29. Qxb2 Rxb2 30. Nd4 Bd3 31. exd6 Rd8 32. Rg1 Rxd6 33. Re8+ Kg7 34.
Rc1 Rdb6 35. Ree1 Rb1 36. Rxb1 Rxb1 37. Rxb1 Bxb1 38. Kg1 Be4 39. Ne2 Bxg2 40.
Kxg2 Kf6 41. Kf3 a5 42. Ke3 Ke7 43. Kd4 Kd6 44. Nc3 Nb3+ 45. Kc4 Nd2+ 46. Kb5
Nf1 47. Kxa5 Nxh2 48. Kb5 Nf1 49. Kc4 Nxg3 50. Kd4 h5 51. Nb5+ Kd7 52. Ke5 h4
53. Nd4 h3 54. Nf3 Nh5 55. Ke4 Kd6 56. Nh2 f6 57. Kf3 Kxd5 58. Kg4 Ke4 59. f5
g5 60. Kxh5 Kxf5 61. Nf1 Kf4 62. Kg6 g4 63. Kh5 g3 64. Kh4 g2 65. Ng3 Kf3 0-1

[Event "LEM M-V 2022 Open"]
[Site "Neubrandenburg, Germany"]
[Date "2022.04.11"]
[Round "5.1"]
[White "Schulz, Gerhard"]
[Black "Herrmann, Jakob"]
[Result "1/2-1/2"]
[WhiteElo "1844"]
[BlackElo "1612"]
[PlyCount "37"]
[EventDate "2022.04.09"]

1. d4 Nf6 2. Nf3 g6 3. Nbd2 Bg7 4. e4 d6 5. Bc4 Nxe4 6. Bxf7+ Kxf7 7. Nxe4 Rf8
8. O-O Kg8 9. h3 Nc6 10. c3 e5 11. dxe5 Nxe5 12. Nxe5 Bxe5 13. Bh6 Bg7 14. Bxg7
Kxg7 15. Qd4+ Kg8 16. Qd5+ Kg7 17. Qd4+ Kg8 18. Qd5+ Kg7 19. Qd4+ 1/2-1/2

[Event "LEM M-V 2022 Open"]
[Site "Neubrandenburg, Germany"]
[Date "2022.04.11"]
[Round "5.3"]
[White "Kunow, Frank"]
[Black "Röste, Hugo"]
[Result "1-0"]
[WhiteElo "1907"]
[BlackElo "1597"]
[PlyCount "45"]
[EventDate "2022.04.09"]

1. Nf3 Nf6 2. c4 g6 3. g3 Bg7 4. Bg2 O-O 5. O-O d6 6. d3 c5 7. Nc3 Nc6 8. h3
Nd7 9. a3 Nde5 10. Kh2 Rb8 11. Rb1 a6 12. Bd2 b5 13. Nxe5 Nxe5 14. f4 Nd7 15.
b4 cxb4 16. Rxb4 Bxc3 17. Bxc3 Nc5 18. Qc1 Bd7 19. f5 f6 20. fxg6 hxg6 21. Qh6
g5 22. Qg6+ Kh8 23. Qxg5 1-0

[Event "LEM M-V 2022 Open"]
[Site "Neubrandenburg, Germany"]
[Date "2022.04.11"]
[Round "5.4"]
[White "Ederle, Artöm"]
[Black "Winkler, Karl"]
[Result "1/2-1/2"]
[WhiteElo "1547"]
[BlackElo "1922"]
[PlyCount "38"]
[EventDate "2022.04.09"]

1. e4 Nf6 2. e5 Nd5 3. d4 d6 4. f4 g6 5. Nf3 Bg7 6. Be2 c6 7. O-O O-O 8. c4 Nb6
9. Be3 f6 10. Qd2 fxe5 11. fxe5 Bg4 12. Ng5 Rxf1+ 13. Bxf1 dxe5 14. Nc3 exd4
15. c5 Nd5 16. Nxd5 cxd5 17. Bxd4 e5 18. Be3 Nc6 19. h3 Bc8 1/2-1/2

[Event "LEM M-V 2022 Open"]
[Site "Neubrandenburg, Germany"]
[Date "2022.04.11"]
[Round "5.5"]
[White "Marzisch, Darius"]
[Black "Betke, Arno"]
[Result "1/2-1/2"]
[WhiteElo "1615"]
[BlackElo "1753"]
[PlyCount "48"]
[EventDate "2022.04.09"]

1. e4 e6 2. d4 d5 3. Nc3 dxe4 4. Nxe4 Bd7 5. Nf3 Bc6 6. Bd3 Nd7 7. c3 Ngf6 8.
Nxf6+ Nxf6 9. O-O Be7 10. Ne5 Qd5 11. Nxc6 Qxc6 12. Qe2 O-O 13. Bf4 Bd6 14.
Bxd6 Qxd6 15. Rfe1 Rad8 16. Be4 c6 17. Bf3 Rfe8 18. g3 b6 19. Rad1 Qc7 20. Qe5
Qxe5 21. dxe5 Nd5 22. Bxd5 cxd5 23. Rd4 Rc8 24. Ra4 a5 1/2-1/2

[Event "LEM M-V 2022 Open"]
[Site "Neubrandenburg, Germany"]
[Date "2022.04.11"]
[Round "5.6"]
[White "Raitza, Egon"]
[Black "Subocz, Gabriel"]
[Result "1/2-1/2"]
[WhiteElo "1631"]
[BlackElo "1102"]
[PlyCount "68"]
[EventDate "2022.04.09"]

1. d4 Nf6 2. c4 g6 3. Nc3 Bg7 4. e4 d6 5. f3 O-O 6. Be3 e5 7. d5 Nh5 8. g4 Nf4
9. Nge2 g5 10. Qd2 a6 11. Ng3 Bd7 12. h3 Qe8 13. h4 f6 14. Qh2 h6 15. hxg5 fxg5
16. Nf5 Rf6 17. Be2 b5 18. c5 dxc5 19. Bxc5 a5 20. Rc1 Na6 21. Be3 b4 22. Bxf4
exf4 23. Nxg7 Kxg7 24. Bxa6 Raxa6 25. Ne2 c6 26. dxc6 Raxc6 27. O-O Qc8 28.
Rxc6 Rxc6 29. Nd4 Rc1 30. Qd2 Rxf1+ 31. Kxf1 Qc4+ 32. Ke1 Bb5 33. Nxb5 Qxb5 34.
Qd4+ Kh7 1/2-1/2

[Event "LEM M-V 2022 Open"]
[Site "Neubrandenburg, Germany"]
[Date "2022.04.11"]
[Round "5.7"]
[White "Wesener, Lorenz"]
[Black "Moritz, Egon"]
[Result "1-0"]
[WhiteElo "1774"]
[BlackElo "1650"]
[PlyCount "33"]
[EventDate "2022.04.09"]

1. e4 g6 2. d4 Bg7 3. Nc3 e5 4. Be3 d6 5. Bc4 c6 6. dxe5 Bxe5 7. Qd2 Qe7 8.
O-O-O Be6 9. Bxe6 Qxe6 10. Bd4 Na6 11. f4 Bxd4 12. Qxd4 Nf6 13. h3 h5 14. Nf3
Ke7 15. Ng5 Qd7 16. e5 dxe5 17. Qxe5+ 1-0

[Event "LEM M-V 2022 Open"]
[Site "Neubrandenburg, Germany"]
[Date "2022.04.11"]
[Round "5.9"]
[White "Marzisch, Jens"]
[Black "Langbein, Wolfgang"]
[Result "1-0"]
[WhiteElo "1563"]
[BlackElo "1376"]
[PlyCount "47"]
[EventDate "2022.04.09"]

1. d4 Nf6 2. Nf3 d5 3. e3 e6 4. Bd3 Bd6 5. Nbd2 Nbd7 6. O-O O-O 7. c3 c6 8. e4
dxe4 9. Nxe4 Nxe4 10. Bxe4 Nf6 11. Bc2 Bc7 12. Qd3 h6 13. Re1 Re8 14. Ne5 Bxe5
15. Rxe5 Ng4 16. Re2 Nf6 17. Re3 g6 18. Rg3 Kg7 19. Bxh6+ Kh8 20. Bg5 Kg7 21.
Rf3 Bd7 22. Qe2 Qc7 23. Bxf6+ Kf8 24. Rh3 1-0

[Event "LEM M-V 2022 Open"]
[Site "Neubrandenburg, Germany"]
[Date "2022.04.11"]
[Round "5.11"]
[White "Wulff, Jens-Peter"]
[Black "Ehrich, Dieter"]
[Result "0-1"]
[WhiteElo "1790"]
[BlackElo "1583"]
[PlyCount "112"]
[EventDate "2022.04.09"]

1. d4 c5 2. c3 e6 3. Bf4 Nf6 4. e3 d5 5. Nf3 Nbd7 6. Ne5 Nxe5 7. dxe5 Nd7 8.
Bd3 c4 9. Bc2 Be7 10. Nd2 Nc5 11. Nf1 Qb6 12. b4 cxb3 13. axb3 Bd7 14. Ng3 g5
15. Bxg5 Bxg5 16. b4 Na6 17. Ba4 Qc7 18. Qd4 Qc4 19. Qxc4 dxc4 20. Bxd7+ Kxd7
21. O-O-O+ Kc7 22. Ne4 Be7 23. Nd6 Bxd6 24. exd6+ Kc6 25. e4 e5 26. Rd5 Kd7 27.
b5 Nb8 28. Rhd1 Ke6 29. Rc5 Nd7 30. Rxc4 Rhc8 31. Rc7 Rxc7 32. dxc7 Rc8 33. Kc2
Rxc7 34. f3 a6 35. bxa6 bxa6 36. Ra1 Ra7 37. Ra5 Kd6 38. g3 Nc5 39. h4 f6 40.
Ra1 a5 41. Rd1+ Ke7 42. Rd5 Nd7 43. Kb2 a4 44. f4 a3+ 45. Ka2 Ra4 46. fxe5 fxe5
47. Rd1 Nf6 48. Kb3 Nxe4 49. Re1 Nc5+ 50. Ka2 Ke6 51. Rb1 Ne4 52. Rb6+ Kf5 53.
Rb7 Nxc3+ 54. Ka1 Rd4 55. Rf7+ Ke6 56. Rxh7 Rd1# 0-1

[Event "LEM M-V 2022 Open"]
[Site "Neubrandenburg, Germany"]
[Date "2022.04.11"]
[Round "5.12"]
[White "Wesner, Andy"]
[Black "Müller, Rosemarie"]
[Result "1-0"]
[WhiteElo "1419"]
[BlackElo "1319"]
[PlyCount "117"]
[EventDate "2022.04.09"]

1. e4 e5 2. Bc4 Nf6 3. d4 d5 4. dxe5 Nxe4 5. Qe2 Be6 6. Bd3 Nc5 7. Nf3 Nc6 8.
O-O Be7 9. c3 O-O 10. Bc2 f6 11. b4 Nd7 12. Nd4 Nxd4 13. cxd4 Bxb4 14. Qh5 f5
15. a3 Be7 16. Nc3 c5 17. Ne2 Nb6 18. Nf4 Bc8 19. Rd1 cxd4 20. Rd3 Nc4 21. Rh3
h6 22. Ng6 Rf7 23. Bxh6 f4 24. Bg5 Rf5 25. Nxe7+ Qxe7 26. Qh8+ Kf7 27. Bxe7
Rxe5 28. Qf8+ Ke6 29. Qxg7 Re2 30. Rh6+ Kd7 31. Ba4+ Kc7 32. Bd6+ Kb6 33. Qxd4+
Ka5 34. Qc3+ Ka6 35. Bb4+ b6 36. Re1 Rb2 37. Qd4 Bb7 38. Bc6 Rd8 39. Bxb7+ Kxb7
40. h3 f3 41. Bc3 Rb3 42. a4 fxg2 43. a5 Rb5 44. a6+ Kxa6 45. Rh7 Rb3 46. Rg7
Rd6 47. h4 Rh6 48. Qf4 Rh5 49. Bf6 Rd3 50. Qg4 Rh8 51. Rxa7+ Kxa7 52. Bxh8 Ka6
53. h5 Nd6 54. h6 Nf7 55. Ra1+ Kb5 56. Qd7+ Kc5 57. Qc7+ Kb5 58. Rb1+ Ka6 59.
Qxb6# 1-0

[Event "LEM M-V 2022"]
[Site "Neubrandenburg, Germany"]
[Date "2022.04.11"]
[Round "6.1"]
[White "Röhl, Rainer"]
[Black "Westphal, Wolfgang"]
[Result "1/2-1/2"]
[WhiteElo "1970"]
[BlackElo "2145"]
[PlyCount "20"]
[EventDate "2022.04.09"]

1. d4 Nf6 2. Bf4 c6 3. e3 Qb6 4. Qc1 d6 5. Nf3 Nh5 6. Bg5 Bg4 7. Nbd2 Nd7 8. c3
h6 9. Bh4 Nhf6 10. Bd3 e5 1/2-1/2